=LDR 00000nam 2200000 4500 =001 INLIS000000000004033 =005 20130612092325 =008 ***********************************Ind** =035 ##$$0010-061300000004033 =041 ##$$a Ind =082 ##$$a 808.02 =090 ##$$a 808.02, Sud k =100 ##$$a Sudiati, Vero =245 ##$$a Kiat menulis cerita, oleh Dra.Vero Sudiati =260 ##$$a 1995 $b Yogyakarta =300 ##$$a ix, 105 hlm, 21 cm =650 ##$$a Teknik penulisan cerita =850 ##$$a NBPNMAT